| 000 | 00704nam a2200289Ia 4500 | ||
|---|---|---|---|
| 003 | EC-GqESP | ||
| 005 | 20260323145154.0 | ||
| 008 | 250425s9999 xx 000 0 und d | ||
| 010 | _a102671 | ||
| 020 | _a9788499483504 | ||
| 041 | _aspa | ||
| 043 | _asp | ||
| 082 | _a691 | ||
| 100 | _aFERRI CORTÉS, JAIME | ||
| 245 | 0 | _aFUNDAMENTOS DE CONSTRUCCION | |
| 250 | _a1 ED. | ||
| 260 | _aALICANTE/ALACANT | ||
| 260 |
_aEspaña _bCLUB UNIVERSITARIO _c2011 |
||
| 300 | _a247 | ||
| 650 | _aCIMENTACIONES | ||
| 650 | _aCONSTRUCCION | ||
| 650 | _aEDIFICACION | ||
| 650 | _aHORMIGON | ||
| 700 | _aGARCÍA GONZÁLEZ, ENCARNACIÓN | ||
| 700 | _aPÉREZ SÁNCHEZ, VICENTE RAÚL | ||
| 942 | _c01 | ||
| 999 |
_c235045 _d235045 |
||